000 00877nam a22002177a 4500
999 _c9379
_d9379
003 AR-CdUCM
008 190327b ||||| |||| 00| 0 spa d
040 _aMUNICIPALIDAD PROVINCIAL DEL CUSCO
_cBIBLIOTECA MUNICIPAL DEL CUSCO
082 _aC / 985.018 /
_bV21
100 _aValencia Zegarra, Alfredo
_918086
245 _aColección arqueológica Cusco de Max Uhle /
260 _aCusco :
_bInstituto Nacional de Cultura,
_c1979.
300 _a20 páginas ;
_b17 láminas ;
_c27 cm.
505 _aContenido: Sistema de catalogación que dejo Max Uhle, piezas arqueológicas.
650 _aArqueología - Cusco
_925536
650 _aInkas - Cusco
_925537
650 _aArqueología - Catálogos
_925538
710 _a Instituto Nacional de Cultura Cusco.
_tCentro de Investigación y Restauración de Bienes Monumentales.
_925539
942 _2ddc
_cLIBROS
945 _alccs